<?xml version="1.0" encoding="UTF-8"?><?xml-stylesheet type="text/xsl" href="static/style.xsl"?><OAI-PMH xmlns="http://www.openarchives.org/OAI/2.0/" xmlns:xsi="http://www.w3.org/2001/XMLSchema-instance" xsi:schemaLocation="http://www.openarchives.org/OAI/2.0/ http://www.openarchives.org/OAI/2.0/OAI-PMH.xsd"><responseDate>2026-04-27T13:49:31Z</responseDate><request verb="GetRecord" identifier="oai:uvadoc.uva.es:10324/6071" metadataPrefix="marc">https://uvadoc.uva.es/oai/request</request><GetRecord><record><header><identifier>oai:uvadoc.uva.es:10324/6071</identifier><datestamp>2021-06-29T10:17:20Z</datestamp><setSpec>com_10324_38</setSpec><setSpec>col_10324_852</setSpec></header><metadata><record xmlns="http://www.loc.gov/MARC21/slim" xmlns:doc="http://www.lyncode.com/xoai" xmlns:xsi="http://www.w3.org/2001/XMLSchema-instance" xmlns:dcterms="http://purl.org/dc/terms/" xsi:schemaLocation="http://www.loc.gov/MARC21/slim http://www.loc.gov/standards/marcxml/schema/MARC21slim.xsd">
<leader>00925njm 22002777a 4500</leader>
<datafield tag="042" ind1=" " ind2=" ">
<subfield code="a">dc</subfield>
</datafield>
<datafield tag="720" ind1=" " ind2=" ">
<subfield code="a">Iglesias Galindo, Alba Esperanza</subfield>
<subfield code="e">author</subfield>
</datafield>
<datafield tag="260" ind1=" " ind2=" ">
<subfield code="c">2014</subfield>
</datafield>
<datafield tag="520" ind1=" " ind2=" ">
<subfield code="a">El presente trabajo trata de ofrecer una puesta al día sobre el síndrome de apnea obstructiva del sueño y las alteraciones metabólicas que lo acompañan, centrándose especialmente en la obesidad y la diabetes mellitus. Este síndrome es cada día más frecuente y va asociado a la epidemia global de obesidad que se sufre en la actualidad. A pesar de esto, se trata de un problema de salud muy poco reconocido y tratado. Es necesario que los profesionales sanitarios dispongan de la información necesaria para abordar esta situación y que los pacientes sean tratados desde un equipo multidisciplinar, en el que se destaca la importancia de la presencia del dietista-nutricionista.</subfield>
</datafield>
<datafield tag="024" ind2=" " ind1="8">
<subfield code="a">http://uvadoc.uva.es/handle/10324/6071</subfield>
</datafield>
<datafield ind1=" " ind2=" " tag="653">
<subfield code="a">Sueño, trastornos del</subfield>
</datafield>
<datafield tag="245" ind1="0" ind2="0">
<subfield code="a">Ateraciones metabólicas asociadas al síndrome de apnea obstructiva del sueño</subfield>
</datafield>
</record></metadata></record></GetRecord></OAI-PMH>